Language Quiz

Random Language or Letter Quiz

I'll Trade You a Y For That X Quiz Stats

 Plays Quiz Updated Aug 13, 2015

Challenge
Share
Tweet
Embed
Score 0/20 Timer 04:00
1 Play Today
X Clue Words % Correct
Glick or HeadroomMax --> May
91.8%
Paul Bunyan's toolAxe --> Aye
90.5%
To sparBox --> Boy
89.7%
Take it easyRelax --> Relay
89.4%
Red or White MLBersSox --> Soy
87.4%
Opposite of wane, moon-wiseWax --> Way
86.8%
Karl or ZeppoMarx --> Mary
86.6%
Transmitted document copyFax --> Fay
86.6%
'Parenthood' actor ShepardDax --> Day
86.4%
Jr. Walker's instrumentSax -> Say
85.3%
X Clue Words % Correct
According to song, they live in TexasExes --> Eyes
83.4%
Bothersome spellHex --> Hey
82.5%
Beast of burdenOx --> Oy
82.5%
Kudrow, Aniston and _____Cox --> Coy
76.6%
Top 60s Memphis soul record labelStax --> Stay
66%
LinseedFlax --> Flay
63.1%
Tailless catManx --> Many
63.1%
Don't call this actor PullmanPaxton --> Payton
53.7%
This UK-based 'lad mag' has many international editionsMaxim --> Mayim
52.9%
NFLers Grossman and Ryan (plural)Rexes --> Reyes
50.4%

You're not logged in!

Compare scores with friends on all Sporcle quizzes.
OR
Log In

You Might Also Like...

Show Comments

Extras

Top Quizzes Today


Score Distribution

Your Account Isn't Verified!

In order to create a playlist on Sporcle, you need to verify the email address you used during registration. Go to your Sporcle Settings to finish the process.

Report this User

Report this user for behavior that violates our Community Guidelines.

Details: